000 00767nam a2200265 i 4500
003 DO-SdBNP
005 20250822111400.0
007 ta
008 250822b1992 dr ||||| |||| 00| 0 spa d
040 _aDO-SdBNP
_bspa
_cBNPHU
_erda
041 _hsp
082 4 _axxx
_bV422c
_222
100 _aVega Bolaños, José
_eautor
_4aut.
_952572
245 1 0 _aCodigo de familia /
_cJosé A. Vega Bolaño
250 _aEdición actualizada
264 1 _a[Editora desconocida]
_b[Editora desconocida],
_c[fecha desconocida]
300 _a62 páginas ;
_c22 cm.
336 _atexto
_btxt
_2rdacontent
337 _asin mediación
_bn
_2rdamedia
338 _avolumen
_bnc
_2rdacarrier
590 _aInventariado, 2025/DG
700 _921614
910 _aDG
942 _2ddc
_cLBS1
999 _c59809
_d59809